Crime and context in the lives of 1,000 Boston men, circa 1925-1995

Gespeichert in:  
Bibliographische Detailangaben
VerfasserInnen: Laub, John H. (Verfasst von) ; Sampson, Robert J. 1956- (Verfasst von)
Medienart: Druck Aufsatz
Sprache:Englisch
Veröffentlicht: JAI Press 1995
In:Enthalten in: Current Perspectives on Aging and the Life Cycle, Vol. 4 (1995), Seite 119-139
Verfügbarkeit prüfen: HBZ Gateway

MARC

LEADER 00000caa a22000002c 4500
001 1912496305
003 DE-627
005 20250126054946.0
007 tu
008 241217s1995 xx ||||| 00| ||eng c
035 |a (DE-627)1912496305 
035 |a (DE-599)KXP1912496305 
040 |a DE-627  |b ger  |c DE-627  |e rda 
041 |a eng 
084 |a 2,1  |2 ssgn 
100 1 |a Laub, John H.  |e VerfasserIn  |0 (DE-588)104425114X  |0 (DE-627)77170982X  |0 (DE-576)164765948  |4 aut 
109 |a Laub, John H.  |a Laub, John Henry 
245 1 0 |a Crime and context in the lives of 1,000 Boston men, circa 1925-1995 
264 1 |b JAI Press  |c 1995 
336 |a Text  |b txt  |2 rdacontent 
337 |a ohne Hilfsmittel zu benutzen  |b n  |2 rdamedia 
338 |a Band  |b nc  |2 rdacarrier 
700 1 |a Sampson, Robert J.  |d 1956-  |e VerfasserIn  |0 (DE-588)137626223  |0 (DE-627)695922610  |0 (DE-576)304504327  |4 aut 
773 0 8 |i Enthalten in  |t Current Perspectives on Aging and the Life Cycle, Vol. 4  |g (1995), Seite 119-139 
773 1 8 |g year:1995  |g pages:119-139 
787 0 8 |i Forschungsdaten  |a Laub, John H.  |t Criminal Careers and Crime Control in Massachusetts (The Glueck Study): A Matched-Sample Longitudinal Research Design, Phase I, 1939-1963  |d [Erscheinungsort nicht ermittelbar] : [Verlag nicht ermittelbar], 1992  |w (DE-627)1840064668 
935 |a mkri 
951 |a AR 
ELC |b 1 
LOK |0 000 xxxxxcx a22 zn 4500 
LOK |0 001 4637461804 
LOK |0 003 DE-627 
LOK |0 004 1912496305 
LOK |0 005 20241217044252 
LOK |0 008 241217||||||||||||||||ger||||||| 
LOK |0 035   |a (DE-2619)ICPSR36088 
LOK |0 040   |a DE-2619  |c DE-627  |d DE-2619 
LOK |0 092   |o n 
LOK |0 852   |a DE-2619 
LOK |0 852 1  |9 00 
LOK |0 935   |a uvkn  |a nacp 
LOK |0 939   |a 17-12-24  |b l01 
ORI |a SA-MARC-krimdoka001.raw